| 000 | 00361nam a2200157 i 4500 | ||
|---|---|---|---|
| 001 | bg | ||
| 100 | 1 | _aBUJAK, Franciszek | |
| 245 | 0 |
_aNauka a społeczeństwo / _cF. Bujak. |
|
| 250 | _a[Wyd.2]. | ||
| 260 |
_aWarszawa, _c1984. |
||
| 040 | _cBPK | ||
| 041 | _apol | ||
| 080 | _a001.89:316(438)"19" | ||
| 942 | _cKS | ||
| 008 | s pl f |000 0 pol | ||
| 999 |
_c2337 _d2337 |
||
| 856 |
_uhttp://koha.tu.koszalin.pl/cgi-bin/koha/opac-detail.pl?biblionumber=2337 _yKatalog online BPK |
||